Ganadores de la Libertadores ¡Muerte súbita! - Estadísticas

Estadísticas generales
  • Esta prueba ha sido intentada 71 veces
    46 desde el último reinicio
  • La puntuación promedio es 17 de 27
Answers on the Grid
Answers color-coded by a green-red scale on the quiz's grid according to % correct below.
Cruzeiro
Internacional
Argentinos Juniors
São Paulo
Independiente
Boca Juniors
Peñarol
River Plate
Estudiantes de La Plata
Olimpia
Nacional
São Paulo
Palmeiras
Santos
Grêmio
Atlético Mineiro
Atlético Nacional
Flamengo
Fluminense
Corinthians
San Lorenzo
Vélez Sarsfield
Colo-Colo
Liga Deportiva Universitaria de Quito
Cerro Porteño
Universitario de Deportes
Deportivo Cali
Atlético Tucumán
Universidad de Chile
Bolívar
Botafogo
América de Cali
Universitario de Deportes
Sporting Cristal
Barcelona SC
Cruz Azul
São Caetano
Once Caldas
Guadalajara
Tigres UANL
Real Madrid
Racing Club
Newell’s Old Boys
Chelsea
Audax Italiano
Defensor Sporting
Bolívar
The Strongest
San José
Millonarios
Emelec
Atlético Tucumán
Universidad Católica
Cobreloa
Estudiantes de Mérida
Deportivo Táchira
Jorge Wilstermann
Caracas FC
 
Estadísticas de respuestas
Respuesta % Correcto
River Plate
78%
Boca Juniors
75%
Corinthians
75%
Peñarol
75%
Colo-Colo
72%
Flamengo
72%
Palmeiras
72%
Racing Club
72%
Fluminense
69%
Santos
69%
São Paulo
69%
Botafogo
66%
Estudiantes de La Plata
66%
Independiente
66%
Nacional
66%
San Lorenzo
66%
Atlético Nacional
63%
Grêmio
59%
Atlético Mineiro
56%
Cruzeiro
56%
Internacional
56%
Olimpia
56%
São Paulo
56%
Vélez Sarsfield
56%
Argentinos Juniors
50%
Once Caldas
44%
Liga Deportiva Universitaria de Quito
41%
No se encontraron pruebas coincidentes
Distribución de puntuación
Porcentaje de gente con cada puntuación
Porcentaje por número respondido
Historial de tus puntuaciones
No has intentado esta prueba desde el último reinicio